000 00783nam a2200217Ii 4500
003 JO-AjNU
008 230605s9999||||xx |||||||||||||| ||und||
020 _a978-1-56564-465-6
040 _aJO-AjNU
_bara
_erda
_cJO-AjNU
041 _aara
050 1 4 _aBP144.A92 2011
100 3 _aعودة، جاسر؛ ترجمة عبد اللطيف الخياط,
_eauthor
_952439
245 0 0 _aمقاصد الشريعة دليل للمبتدئ
250 _aط1
264 3 1 _aلندن: المعهد العالمي للفكر الاسلامي، 2011
300 _a118ص
336 _atext
_btxt
_2rdacontent
337 _aunmediated
_bn
_2rdamedia
338 _avolume
_bnc
_2rdacarrier
650 4 _aالفقه الاسلامي- مقاصد الشريعة- الادلة الشرعية
_952440
999 _aA23229
_c26797
_d26797